Simbase Pure Sluggers Quiz Stats

 Plays Quiz not verified by Sporcle

Score 0/10 Timer 10:00
0 Plays Today
XBH/H Name % Correct
45.5%Silvio Berlusconi
71.4%
42.9%Praetor Fenix
71.4%
47.5%Yokozuna
57.1%
43.0%Theodore Roosevelt
42.9%
49.7%Simon Belmont
28.6%
48.7%Natalie Merchant
28.6%
46.2%Norman Kay
28.6%
42.7%Drew Carey
14.3%
43.9%Sami Kehela
0%
43.4%Henry Kuttner
0%

You're not logged in!

Compare scores with friends on all Sporcle quizzes.
OR
Log In

Show Comments

Extras

Created Oct 14, 2010ReportNominate
Tags:career, pure, slugger, xbh

Top Quizzes Today


Score Distribution

Your Account Isn't Verified!

In order to create a playlist on Sporcle, you need to verify the email address you used during registration. Go to your Sporcle Settings to finish the process.

Report this User

Report this user for behavior that violates our Community Guidelines.

Details: